Erikoisjoukot Suomi kausi 1 - Statistics

Yleistilastot
  • Tätä visaa on pelattu 21 kertaa
  • Keskiarvotulos 25 / 45
Vastaustilastot
Kysymys Laatta Select % Oikein
Valitse henkilöt jotka luovuttivat Erikoisjoukkojen ensimmäisellä kaudella 0 Ei
90%
Valitse henkilöt jotka luovuttivat Erikoisjoukkojen ensimmäisellä kaudella Ei
85%
Valitse henkilöt jotka luovuttivat Erikoisjoukkojen ensimmäisellä kaudella Ei
75%
Valitse henkilöt jotka läpäisivät Erikoisjoukkojen ensimmäisen kauden Ei
70%
Valitse henkilöt jotka läpäisivät Erikoisjoukkojen ensimmäisen kauden Ei
70%
Valitse henkilöt jotka läpäisivät Erikoisjoukkojen ensimmäisen kauden Ei
70%
Valitse henkilöt jotka läpäisivät Erikoisjoukkojen ensimmäisen kauden Ei
70%
Valitse henkilöt jotka läpäisivät Erikoisjoukkojen ensimmäisen kauden Ei
70%
Valitse henkilöt jotka läpäisivät Erikoisjoukkojen ensimmäisen kauden 0 Ei
70%
Valitse henkilöt jotka luovuttivat Erikoisjoukkojen ensimmäisellä kaudella Ei
65%
Valitse henkilöt jotka luovuttivat Erikoisjoukkojen ensimmäisellä kaudella Ei
65%
Valitse henkilöt jotka läpäisivät Erikoisjoukkojen ensimmäisen kauden Ei
65%
Valitse henkilöt jotka läpäisivät Erikoisjoukkojen ensimmäisen kauden Ei
65%
Valitse henkilöt jotka poistettiin kurssilta 0 Ei
65%
Valitse henkilöt jotka luovuttivat Erikoisjoukkojen ensimmäisellä kaudella Ei
60%
Valitse henkilöt jotka poistettiin kurssilta Ei
60%
Valitse henkilöt jotka poistettiin kurssilta Ei
60%
Valitse henkilöt jotka poistettiin kurssilta Ei
60%
Valitse henkilöt jotka poistettiin kurssilta Ei
60%
Valitse henkilöt jotka poistettiin kurssilta Ei
60%
Valitse henkilöt jotka läpäisivät Erikoisjoukkojen ensimmäisen kauden Ei
60%
Valitse henkilöt jotka läpäisivät Erikoisjoukkojen ensimmäisen kauden Ei
60%
Valitse henkilöt jotka läpäisivät Erikoisjoukkojen ensimmäisen kauden Ei
60%
Valitse henkilöt jotka luovuttivat Erikoisjoukkojen ensimmäisellä kaudella Ei
55%
Valitse henkilöt jotka luovuttivat Erikoisjoukkojen ensimmäisellä kaudella Kyllä
55%
Valitse henkilöt jotka luovuttivat Erikoisjoukkojen ensimmäisellä kaudella Kyllä
55%
Valitse henkilöt jotka luovuttivat Erikoisjoukkojen ensimmäisellä kaudella Kyllä
55%
Valitse henkilöt jotka luovuttivat Erikoisjoukkojen ensimmäisellä kaudella Ei
55%
Valitse henkilöt jotka poistettiin kurssilta Ei
55%
Valitse henkilöt jotka poistettiin kurssilta Ei
55%
Valitse henkilöt jotka luovuttivat Erikoisjoukkojen ensimmäisellä kaudella Kyllä
50%
Valitse henkilöt jotka luovuttivat Erikoisjoukkojen ensimmäisellä kaudella Kyllä
50%
Valitse henkilöt jotka läpäisivät Erikoisjoukkojen ensimmäisen kauden Ei
50%
Valitse henkilöt jotka luovuttivat Erikoisjoukkojen ensimmäisellä kaudella Ei
45%
Valitse henkilöt jotka luovuttivat Erikoisjoukkojen ensimmäisellä kaudella Kyllä
45%
Valitse henkilöt jotka poistettiin kurssilta Ei
45%
Valitse henkilöt jotka poistettiin kurssilta Ei
45%
Valitse henkilöt jotka läpäisivät Erikoisjoukkojen ensimmäisen kauden Kyllä
45%
Valitse henkilöt jotka läpäisivät Erikoisjoukkojen ensimmäisen kauden Kyllä
40%
Valitse henkilöt jotka poistettiin kurssilta Kyllä
35%
Valitse henkilöt jotka poistettiin kurssilta Kyllä
35%
Valitse henkilöt jotka läpäisivät Erikoisjoukkojen ensimmäisen kauden Kyllä
35%
Valitse henkilöt jotka poistettiin kurssilta Kyllä
30%
Valitse henkilöt jotka poistettiin kurssilta Kyllä
30%
Valitse henkilöt jotka poistettiin kurssilta Kyllä
25%
Ehtoja vastaavia visoja ei löytynyt
Tulosjakauma
Jokaisen tuloksen saaneiden osuus
Persentiili vastausten määrän mukaan
Tuloshistoriasi
Et ole pelannut tätä visaa